000 00506nam a2200169Ia 4500
008 121120t1997 xxu||||| |||| 00| 0 sin d
041 _asin
080 _a8S1-09
_bKUM
100 _aKulathilaka Kumarasinghe
245 _aනූතන පද්‍ය සංග්‍රහය විමර්ශන
246 _aNuthana Padhdhya Sangrahaya Vimarshana
260 _bShila Printers
_aKelaniya
_c1997
300 _b120p., 21 cm
942 _cBK
999 _c75605
_d75605
003 LK-CoDNM
040 _aLK-CoDNM
_dLK-CoDNM
_eLK-CoDNM